| Tag |
First Indicator |
Second Indicator |
Subfields |
| LEADER |
00000cam a2200000 i 4500 |
| 001 |
in00003775413 |
| 005 |
20210430152159.0 |
| 006 |
m o d f |
| 007 |
cr ||||||||||| |
| 008 |
160325s2016 dcu ob f000 0 eng c |
| 035 |
|
|
|a (OCoLC)ocn945579927
|
| 042 |
|
|
|a pcc
|
| 043 |
|
|
|a n-us---
|
| 040 |
|
|
|a GPO
|b eng
|e rda
|e pn
|c GPO
|d MvI
|
| 049 |
|
|
|a WWW
|
| 074 |
|
|
|a 0443-G (online)
|
| 086 |
0 |
|
|a FR 2.2:F 49/3
|
| 245 |
0 |
0 |
|a Recommendations and report for financial institutions on preventing and responding to elder financial exploitation.
|
| 264 |
|
1 |
|a [Washington, D.C.] :
|b Consumer Financial Protection Bureau,
|c 2016.
|
| 300 |
|
|
|a 1 online resource (61 pages)
|
| 336 |
|
|
|a text
|b txt
|2 rdacontent
|
| 337 |
|
|
|a computer
|b c
|2 rdamedia
|
| 338 |
|
|
|a online resource
|b cr
|2 rdacarrier
|
| 500 |
|
|
|a "March 2016."
|
| 500 |
|
|
|a Title from title screen (viewed March 25, 2016).
|
| 504 |
|
|
|a Includes bibliographical references.
|
| 650 |
|
0 |
|a Fraud
|z United States
|x Prevention
|x Finance, Personal.
|
| 650 |
|
0 |
|a Older people
|z United States
|x Finance, Personal.
|
| 650 |
|
0 |
|a Consumer protection
|z United States.
|
| 650 |
|
0 |
|a Financial literacy
|z United States.
|
| 650 |
|
0 |
|a Older people
|x Crimes against
|z United States.
|
| 650 |
|
0 |
|a Older people
|x Abuse of
|x Investigation.
|
| 710 |
1 |
|
|a United States.
|b Consumer Financial Protection Bureau,
|e issuing body.
|
| 856 |
4 |
0 |
|u https://purl.fdlp.gov/GPO/gpo66476
|t 0
|
| 856 |
4 |
0 |
|u http://purl.fdlp.gov/GPO/gpo66476
|t 0
|
| 999 |
f |
f |
|s 77ac3eb5-633d-3dac-ad21-457cfcdd9bee
|i 85b882f5-4ddc-3f5f-9a8a-352b186dff53
|t 0
|
| 952 |
f |
f |
|a Texas A&M University
|b College Station
|c Electronic Resources
|d Available Online
|t 0
|e FR 2.2:F 49/3
|h Superintendent of Documents classification
|
| 998 |
f |
f |
|a FR 2.2:F 49/3
|t 0
|l Available Online
|